000 01085nas a2200373 4500
001 BR9901615
003 BR-BrBNA
005 20231205101330.0
007 ta
008 230509b bl.|||p| |||| 00| 00por d
040 _aBR-BrBNA
_bpor
_cBiblioteca Nacional de Agricultura
041 _a(Pt)
072 _aH20
100 1 _aNiella, G.R.
100 1 _aLuz, E.D.M.N.
100 1 _aBezerra, J.L.
100 1 _aBrugnerotto, M.I.
100 1 _aCerqueira, A.R.R.N.
100 1 _aFraga, N. de J.
100 1 _aFerreira, D.M.A.
100 1 _aRocha, C.S.S.
245 1 _aEsporulacao de Crinipellis perniciosa em frutos e sementes de cacau (Theobroma cacao L.)no sudeste da Bahia
650 _aCacau
650 _aVassoura-de-Bruxa
650 _aEsporulacao
650 _aFruto
650 _aSemente
650 _aCondicao Ambiental
650 _aBahia
773 0 _tAgrotropica (Brazil)
_xISSN 0103-3816
_g(Sep-Dec 1998), v. 9(3) p. 135-140
_wBR9901615
856 4 0 _dLink DSPACE/MAPA BR9901615
909 _a202311
_bLúcia
_c55
_dLúcia Elande
942 _2AGRIS
_n0
_cANA
999 _c161185
_d161185